| 000 | 00395nam a2200169Ia 4500 | ||
|---|---|---|---|
| 008 | 210210b1915 xxu||||| |||| 00| 0 eng d | ||
| 041 | _aeng | ||
| 082 | _a430/37 | ||
| 100 | _aTYRELLI (Roberts Yelverton) | ||
| 245 | _aCicero in his letters | ||
| 260 |
_aLondon _bMacmillan & Co. Ltd. _c1915 |
||
| 300 | _a336 | ||
| 650 | _aletters | ||
| 650 | _ahis | ||
| 650 | _aCicero | ||
| 906 | _a006179 | ||
| 999 |
_c128274 _d128274 |
||